书目信息 |
| 000 | 00402nam0 2200157 450 | |
| 001 | 202411154036761225 | |
| 005 | 20241118115856.29 | |
| 100 | @a20241115d km y0chiy0120 ea | |
| 101 | 0 | @achi |
| 200 | 1 | @a太阳@ATai Yang |
| 210 | @c中国地图出版社 | |
| 215 | @a1@d24CM | |
| 606 | 0 | @a地理@x世界 |
| 690 | @aK915@v4 | |
| 801 | 0 | @aCN@b大连网信软件有限公司图书馆·11@c20241118 |
| 905 | @aZUCC@b1439274@dK915@e360@f1 | |
| 太阳.-中国地图出版社 |
| 1;24CM |
| ISBN : |
| ● |
| 相关链接 |
|
|
|
|
正题名:太阳
索取号:K915/360
 
预约/预借
| 序号 | 登录号 | 条形码 | 馆藏地/架位号 | 状态 | 备注 |
| 1 | 1439274 | 214392744 | 密集书库-资源管理系/ [索取号:K915/360] | 在馆 |